00769nab a2200205uuc450000100070000000500170000700800410002403500110006503500210007604000130009704100080011010000380011824501010015665000330025765000280029065000320031865000360035070000230038677301540040996789520240201202913.0060322e20050701 spa  a967895 a(OCoLC)820346354 ccomduadb aspa10aMontanes P., Pubiano L.4auteaut10aFluidez verbal en pacientes con enfermedad de Alzheimer : un analisis transversal y longitudinal 7aEnfermedad de Alzheimer2dcs aTrastornos del lenguaje 7aTrastornos cognitivos2lemb aEvaluación neuropsicológica10aCano, C.4auteaut0 tRevista de la Asociación Colombiana de Gerontología y Geriatría (Bogotá)gVol. 19, No. 03, Jul.-Sep. 2005, 816-827w388825x0122-69160110790